Real-decreto-ley, de 11 de mayo de 1926 aprobando la Ley del Timbre del Estado
Descripción Física:
145 p. ; 23 cm
Colección:
Biblioteca oficial legislativa ; 14
MARC
| LEADER | 00000nam a2200000Ia 4500 | ||
|---|---|---|---|
| 001 | 804 | ||
| 008 | 160829s1926 xx 000 0 cat d | ||
| 080 | |a D-1-56 | ||
| 245 | |a Real-decreto-ley, de 11 de mayo de 1926 aprobando la Ley del Timbre del Estado | ||
| 250 | |a Ed. oficial | ||
| 260 | |a Madrid : |b Ed. Reus, |c 1926 | ||
| 300 | |a 145 p. ; |c 23 cm | ||
| 490 | |a Biblioteca oficial legislativa ; 14 | ||
| 650 | |a Impostos del timbre |x Dret i legislació |x Espanya |9 22186 | ||
| 901 | |a Arxiu | ||
| 942 | |n 1 | ||
| 952 | |0 0 |1 0 |4 0 |6 D156 |7 1 |9 42102 |a Arxiu |b Arxiu |d 2016-12-01 |l 0 |o D-1-56 |p 804 |r 2016-12-01 00:00:00 |w 2016-12-01 |y ARXIU | ||
| 999 | |c 44549 |d 44549 | ||